| 000 | 00615nam a2200181 i 4500 | ||
|---|---|---|---|
| 001 | 185015 | ||
| 003 | ES-MaACL | ||
| 005 | 20250903084341.0 | ||
| 008 | 160307s1901 fr |||| | fre d | ||
| 245 | 0 | 0 |
_aCatalogue des editions illustrées de la Librairie des Amateurs _b: [catalogue décembre 1901]. |
| 260 |
_aParis : _bA. Ferroud, _c1901. |
||
| 300 |
_a62 p. ; _c22 cm. |
||
| 650 | 7 |
_aCatálogos de editores- _yS.XX _2 _9169795 |
|
| 650 | 4 |
_aCatálogos de editores- _zFrancia _912068 |
|
| 650 | 7 |
_aCatálogos de editores- _yS.XX _2 _9169795 |
|
| 852 |
_aES-MaACL _j1511-F-14 |
||
| 999 |
_c185015 _d185015 |
||